000 00437nam a2200169Ia 4500
008 090711s9999 xx 000 0 und d
082 _b64155
100 _aगांगल वसंत
245 _aप्राSाी
260 _c1990
300 _a160
600 _aगांगल वसंत
630 _aप्राSाी
700 _aगांगल वसंत
730 _aप्राSाी
942 _cBOOK
999 _c298363
_d298363